000 00303nam a22001337a 4500
008 170719b xxu||||| |||| 00| 0 eng d
020 _a9781860648663
041 _aeng
080 _a2
100 _a24
101 _aTEO
245 _aISLAM LIBERSLISM AND HUMAN RIGHTS
_cDALACOURA, K
942 _2udc
_cBK
999 _c21635
_d21635